| 000 | 01798nam a22002657a 4500 | ||
|---|---|---|---|
| 003 | Uzh_bibl | ||
| 008 | 260420b |||||||| |||| 00| 0 ukr d | ||
| 020 |
_a978-617-688-018-9 _c57.75 |
||
| 040 | _bукр. | ||
| 041 |
_2ukr _aukr |
||
| 080 | _a821(477) | ||
| 090 |
_a821(477) _bД33 |
||
| 100 | _aДереш Любко | ||
| 245 |
_aОстання любов Асури Махараджа _cОригінал-макет обкладинки new promo studio. Фото на 4 стор. обкладинки: Гліб Гараніч _hТекст |
||
| 260 |
_aКиїв _bНора-Друк _c2013 |
||
| 300 |
_a226 с, _fВ опр. |
||
| 490 | _aЧитацький клуб | ||
| 520 | _a«Остання любов Асури Махараджа» — алегорична історія про демона, який вирішив покинути розкіш нижніх світів заради любові до сліпої дівчини з України, що мешкає в самому серці Нью-Йорка. Протистояння напівбогів і демонів, демонстрації на Уолл-стріт і харизматичні проповідники, метафізичні запитання і смачні історії з лівообертальних світів (толерантна назва пекельних планет) — все це у новому романі Любка Дереша про любов, від якої тане серце.<br/> | ||
| 521 | _aДля широкого кола читачів | ||
| 546 | _aукр. | ||
| 650 | _aЛітературно-художнє видання | ||
| 653 |
_aАсура _aМахараджа _aДемони |
||
| 655 |
_aМістика _vРоман |
||
| 942 |
_2udc _cBK |
||
| 999 |
_c17398 _d17398 |
||